000 00569nam a22001937a 4500
005 20210419070842.0
008 210305s1977 ||||| |||| 00| 0 eng d
040 _aeng
_cDLC
041 _aeng
080 _a821.111
_bM-44
100 _91257
_aMcPhee, John
245 _aComing into the Country
_c/ by: Farrar, Straus and Giroux
260 _aNew York
_bFarrar, Straus and Giroux
_c1977
300 _a438 p.
_bill.
365 _b9.95 usd
650 0 _9247
_aEnglish literature
653 _aინგლისური ლიტერატურა
942 _2udc
_cBK
999 _c1977
_d1977